Introduction to solar principles / (Record no. 540494)

000 -LEADER
fixed length control field 00948cam a2200301 a 4500
001 - CONTROL NUMBER
control field 16567161
003 - CONTROL NUMBER IDENTIFIER
control field NUST
005 - DATE AND TIME OF LATEST TRANSACTION
control field 20211101111651.0
008 - FIXED-LENGTH DATA ELEMENTS--GENERAL INFORMATION
fixed length control field 101206s2012 mauab b 001 0 eng
010 ## - LIBRARY OF CONGRESS CONTROL NUMBER
LC control number 2010046855
020 ## - INTERNATIONAL STANDARD BOOK NUMBER
International Standard Book Number 9789332587038
038 ## - RECORD CONTENT LICENSOR
Staff Name Khadija
040 ## - CATALOGING SOURCE
Original cataloging agency DLC
Transcribing agency DLC
Modifying agency DLC
042 ## - AUTHENTICATION CODE
Authentication code pcc
050 00 - LIBRARY OF CONGRESS CALL NUMBER
Classification number TK8322
Item number .K57 2012
082 00 - DEWEY DECIMAL CLASSIFICATION NUMBER
Classification number 621.47
Edition number 22
Author Mark THO
100 1# - MAIN ENTRY--PERSONAL NAME
Personal name Kissell, Thomas E.
9 (RLIN) 34535
245 10 - TITLE STATEMENT
Title Introduction to solar principles /
Statement of responsibility, etc. Thomas E. Kissell.
260 ## - PUBLICATION, DISTRIBUTION, ETC.
Place of publication, distribution, etc. India
Name of publisher, distributor, etc. Pearson
Date of publication, distribution, etc. c2018
300 ## - PHYSICAL DESCRIPTION
Extent xiii, 298 p. :
Other physical details ill., map ;
Dimensions 28 cm.
504 ## - BIBLIOGRAPHY, ETC. NOTE
Bibliography, etc. note Includes bibliographical references and index.
563 ## - BINDING INFORMATION
Binding note PB
650 #0 - SUBJECT ADDED ENTRY--TOPICAL TERM
Topical term or geographic name entry element Photovoltaic cells
Form subdivision Textbooks.
9 (RLIN) 34536
650 #0 - SUBJECT ADDED ENTRY--TOPICAL TERM
Topical term or geographic name entry element Solar energy
Form subdivision Textbooks.
9 (RLIN) 34537
906 ## - LOCAL DATA ELEMENT F, LDF (RLIN)
a 7
b cbc
c orignew
d 1
e ecip
f 20
g y-gencatlg
942 ## - ADDED ENTRY ELEMENTS (KOHA)
Source of classification or shelving scheme
Koha item type Book
Holdings
Withdrawn status Lost status Source of classification or shelving scheme Damaged status Not for loan Permanent Location Current Location Shelving location Date acquired Total Checkouts Full call number Barcode Date last seen Price effective from Koha item type
          School of Mechanical & Manufacturing Engineering (SMME) School of Mechanical & Manufacturing Engineering (SMME) General Stacks 10/26/2020   621.47 THO SMME-3546 10/26/2020 10/26/2020 Book
© 2023 Central Library, National University of Sciences and Technology. All Rights Reserved.